Imran Khan (Record no. 330610)
[ view plain ]
| 000 -LEADER | |
|---|---|
| fixed length control field | 00494nam a2200169Ia 4500 |
| 008 - FIXED-LENGTH DATA ELEMENTS--GENERAL INFORMATION | |
| fixed length control field | 230718s9999 xx 000 0 und d |
| 020 ## - INTERNATIONAL STANDARD BOOK NUMBER | |
| International Standard Book Number | 9780007353378 |
| 041 ## - LANGUAGE CODE | |
| Language code of text/sound track or separate title | eng |
| 082 ## - DEWEY DECIMAL CLASSIFICATION NUMBER | |
| Classification number | 796.35'8'0924'13 |
| Item number | SAN |
| 100 ## - MAIN ENTRY--PERSONAL NAME | |
| Personal name | Sandford C. |
| 9 (RLIN) | 193447 |
| 245 ## - TITLE STATEMENT | |
| Title | Imran Khan |
| Remainder of title | The Cricketer, The Celebrity, The Politician |
| 260 ## - PUBLICATION, DISTRIBUTION, ETC. (IMPRINT) | |
| Date of publication, distribution, etc. | 2009 |
| Name of publisher, distributor, etc. | Harper Collins |
| 300 ## - PHYSICAL DESCRIPTION | |
| Extent | 402 |
| 365 ## - TRADE PRICE | |
| Currency code | Rs. |
| Price amount | 499.00 |
| 700 ## - ADDED ENTRY--PERSONAL NAME | |
| Personal name | Sandford C. |
| 9 (RLIN) | 193447 |
| 906 ## - LOCAL DATA ELEMENT F, LDF (RLIN) | |
| d | O:0282527-Apr-2012B:5411-Apr-2012 |
| c | GENRL |
| b | 124.75 |
| Withdrawn status | Lost status | Damaged status | Not for loan | Home library | Current library | Date acquired | Vendor | Budget Code | Cost, normal purchase price | Bill number | Total Checkouts | Full call number | Barcode | Date last seen | Discount | Cost, replacement price | Bill Date | Koha item type | Original Barcode |
|---|---|---|---|---|---|---|---|---|---|---|---|---|---|---|---|---|---|---|---|
| Cummins College of Engineering for Women Pune | Cummins College of Engineering for Women Pune | 27/04/2012 | Technical Book Services | GENRL | 374.25 | 54 | 796.35'8'0924'13 | CCEP-BK-41817 | 18/07/2023 | 124.75 | 499.00 | 11/04/2012 | Books | 041817 |